| 000 -LEADER |
| fixed length control field |
01640mam a22003494a 4500 |
| 001 - CONTROL NUMBER |
| control field |
2384316 |
| 003 - CONTROL NUMBER IDENTIFIER |
| control field |
Nust |
| 005 - DATE AND TIME OF LATEST TRANSACTION |
| control field |
20170105101226.0 |
| 008 - FIXED-LENGTH DATA ELEMENTS--GENERAL INFORMATION |
| fixed length control field |
990316s2000 coua b 001 0 eng |
| 010 ## - LIBRARY OF CONGRESS CONTROL NUMBER |
| LC control number |
99025923 |
| 020 ## - INTERNATIONAL STANDARD BOOK NUMBER |
| International Standard Book Number |
155587858X (hc. : alk. paper) |
| 020 ## - INTERNATIONAL STANDARD BOOK NUMBER |
| International Standard Book Number |
1555878822 |
| Canceled/invalid ISBN |
155878822 (pbk.) |
| 035 ## - SYSTEM CONTROL NUMBER |
| System control number |
(OCoLC)ocm41118797 |
| 040 ## - CATALOGING SOURCE |
| Original cataloging agency |
DLC |
| Transcribing agency |
DLC |
| Modifying agency |
C#P |
| -- |
OrLoB-B |
| 042 ## - AUTHENTICATION CODE |
| Authentication code |
pcc |
| 043 ## - GEOGRAPHIC AREA CODE |
| Geographic area code |
n-us--- |
| 050 00 - LIBRARY OF CONGRESS CALL NUMBER |
| Classification number |
TD195.T7 |
| Item number |
M37 2000 |
| 082 00 - DEWEY DECIMAL CLASSIFICATION NUMBER |
| Classification number |
363.739/256/0973 |
| Edition number |
21 |
| 100 1# - MAIN ENTRY--PERSONAL NAME |
| Personal name |
Marzotto, Toni, |
| Dates associated with a name |
1945- |
| 245 14 - TITLE STATEMENT |
| Title |
The evolution of public policy : |
| Remainder of title |
cars and the environment / |
| Statement of responsibility, etc. |
Toni Marzotto, Vicky Moshier Burnor, Gordon Scott Bonham. |
| 260 ## - PUBLICATION, DISTRIBUTION, ETC. |
| Place of publication, distribution, etc. |
Boulder, Colo. : |
| Name of publisher, distributor, etc. |
Lynne Rienner Publishers, |
| Date of publication, distribution, etc. |
2000. |
| 300 ## - PHYSICAL DESCRIPTION |
| Extent |
xiv, 231 p. : |
| Other physical details |
ill. ; |
| Dimensions |
24 cm. |
| 504 ## - BIBLIOGRAPHY, ETC. NOTE |
| Bibliography, etc. note |
Includes bibliographical references (p. 211-224) and index. |
| 505 00 - FORMATTED CONTENTS NOTE |
| Miscellaneous information |
1. |
| Title |
Analyzing Public Policy: Policy Stages and Advocacy Coalitions -- |
| Miscellaneous information |
2. |
| Title |
Problem Definition: The Demand for Action -- |
| Miscellaneous information |
3. |
| Title |
Agenda Setting: Taking the Demand to Government -- |
| Miscellaneous information |
4. |
| Title |
Policy Formulation: From Idea to Law -- |
| Miscellaneous information |
5. |
| Title |
Policy Implementation: The Public Actors -- |
| Miscellaneous information |
6. |
| Title |
Policy Implementation: The Private Actors -- |
| Miscellaneous information |
7. |
| Title |
Policy Evaluation: Deliberate or Rushed Judgment -- |
| Miscellaneous information |
8. |
| Title |
Policy Reformulation: The Problem Revisited. |
| 650 #0 - SUBJECT ADDED ENTRY--TOPICAL TERM |
| Topical term or geographic name entry element |
Transportation, Automotive |
| General subdivision |
Environmental aspects |
| Geographic subdivision |
United States. |
| 650 #0 - SUBJECT ADDED ENTRY--TOPICAL TERM |
| Topical term or geographic name entry element |
Commuting |
| General subdivision |
Government policy |
| Geographic subdivision |
United States. |
| 650 #0 - SUBJECT ADDED ENTRY--TOPICAL TERM |
| Topical term or geographic name entry element |
Environmental policy |
| Geographic subdivision |
United States |
| General subdivision |
Decision making. |
| 700 1# - ADDED ENTRY--PERSONAL NAME |
| Personal name |
Burnor, Vicky Moshier, |
| Dates associated with a name |
1955- |
| 700 1# - ADDED ENTRY--PERSONAL NAME |
| Personal name |
Bonham, Gordon Scott. |
| 900 ## - EQUIVALENCE OR CROSS-REFERENCE-PERSONAL NAME [LOCAL, CANADA] |
| Numeration |
TOC |
| 942 ## - ADDED ENTRY ELEMENTS (KOHA) |
| Source of classification or shelving scheme |
|
| Koha item type |
Book |